000
00332nam a2200133Ia 4500
005
20251222143130.0
008
251222s9999||||xx |||||||||||||| ||spa||
020
_a
84-7884-181-4
082
_a
370.193.4/G58
100
_a
Goikoetxea Piérola, Javier
245
0
_a
Ensayos de Pedagogía Crítica
264
_b
Popular
942
_c
LIB
999
_c
11894
_d
11894